| 000 | 00401cam a2200145ua 4500 | ||
|---|---|---|---|
| 041 |
_aeng _h |
||
| 082 |
_a828.09 _bWIL/ES |
||
| 100 | _aWilson, Doven . | ||
| 245 |
_aEssential Shakespeare : Biogrsaphical Adeventure / _cWilson Doven. _hTextual Documents |
||
| 260 |
_aLondon : _bCambridge at the University Press , _c1967. |
||
| 300 | _a148 ; . | ||
| 504 | _a | ||
| 942 | _cBK | ||
| 999 |
_c12298 _d12298 |
||